00581nam a2200205 a 4500001001300000003000900013005001700022008004100039020001000080082001600090100002800106245005400134260003200188300000900220500003500229505002700264650002600291650003000317700002800347nice12345678IN_TiNIC20260116011344.0050524s0000 laha grp 000 0 urd  ac10000a297.8bTHA1 aThaneri, Mohammad Jafar aSawaneh Ahmadib Biography of Syed Ahmed Barailvi aLahorebIslamia Pressc0000 a247p aincludes index and biblioraphy2 aPlus Some Other Tracts aIslam-Biography-Ulama aIslam-Sects-Sunni-Barelvi1 aThaneri, Mohammad Jafar